[Event "Chioggia op-A 05th"]
[Site "Chioggia"]
[Date "2010.10.08"]
[Round "1"]
[White "Cecchetto, Vanni"]
[Black "Dragojlovic, Andjelko"]
[Result "0-1"]
[WhiteElo "1951"]
[BlackElo "2379"]
[PlyCount "86"]
[EventDate "2010.10.08"]
[EventType "swiss"]
[EventRounds "5"]
[EventCountry "ITA"]
[SourceTitle "EXT 2022"]
[Source "ChessBase"]
[SourceDate "2021.10.06"]
[SourceVersion "1"]
[SourceVersionDate "2021.10.06"]
[SourceQuality "1"]

1. d4 g6 2. Nf3 Bg7 3. e3 Nf6 4. c3 b6 5. Bd3 Bb7 6. 0-0 d6 7. Nbd2 Nbd7 8. e4 e5 9. Qe2 a6 10. d5 Nh5 11. Nc4 h6 12. Bd2 0-0 13. b4 Nf4 14. Bxf4 exf4 15. Rac1 Re8 16. Qc2 g5 17. a4 g4 18. Nd4 Ne5 19. Nxe5 Bxe5 20. Nf5 Qg5 21. c4 Bc8 22. g3 Bxf5 23. exf5 a5 24. b5 h5 25. Rfe1 h4 26. Qd2 f6 27. Re4 fxg3 28. Qxg5+ fxg5 29. hxg3 hxg3 30. Rxg4 Bf4 31. Rf1 gxf2+ 32. Kxf2 Re3 33. Kg2 Kf7 34. Rf3 Rae8 35. Bc2 Rxf3 36. Kxf3 Re3+ 37. Kf2 Rc3 38. Bd1 Kf6 39. Be2 Kxf5 40. Rg2 Ke4 41. Rg4 Ra3 42. Rg1 Kd4 43. Rg4 Rxa4 0-1

[Event "Porto San Giorgio op 20th"]
[Site "Porto San Giorgio"]
[Date "2008.08.29"]
[Round "9"]
[White "Cristiani, Cesare"]
[Black "Cecchetto, Vanni"]
[Result "1-0"]
[WhiteElo "2168"]
[BlackElo "1939"]
[PlyCount "45"]
[EventDate "2008.08.21"]
[EventType "swiss"]
[EventRounds "9"]
[EventCountry "ITA"]
[SourceTitle "CBM 126 Extra"]
[Source "ChessBase"]
[SourceDate "2008.11.05"]
[SourceVersion "1"]
[SourceVersionDate "2008.11.05"]
[SourceQuality "1"]

1. d4 Nf6 2. c4 e6 3. Nf3 b6 4. a3 Bb7 5. Nc3 c5 6. d5 exd5 7. cxd5 d6 8. e4 g6 9. Bb5+ Nbd7 10. 0-0 Bg7 11. Bf4 Qc7 12. Bxd6 Qxd6 13. e5 Qc7 14. exf6 Bxf6 15. d6 Qd8 16. Qa4 Bxc3 17. bxc3 a6 18. Rfe1+ Kf8 19. Bxd7 Kg7 20. Re7 Bxf3 21. gxf3 Ra7 22. Qf4 Rf8 23. Qe5+ 1-0

[Event "Noale Szabados Memorial-A 1st"]
[Site "Noale"]
[Date "2008.02.09"]
[Round "3"]
[White "Genocchio, Daniele"]
[Black "Cecchetto, Vanni"]
[Result "1-0"]
[WhiteElo "2425"]
[BlackElo "1956"]
[PlyCount "65"]
[EventDate "2008.02.08"]
[EventType "swiss"]
[EventRounds "5"]
[EventCountry "ITA"]
[SourceTitle "EXT 2022"]
[Source "ChessBase"]
[SourceDate "2021.10.06"]
[SourceVersion "1"]
[SourceVersionDate "2021.10.06"]
[SourceQuality "1"]

1. e4 c5 2. Nf3 a6 3. c3 Nf6 4. e5 Nd5 5. d4 cxd4 6. cxd4 e6 7. Nc3 Nxc3 8. bxc3 d6 9. Bd3 dxe5 10. Nxe5 Nd7 11. Nf3 Nf6 12. 0-0 Be7 13. Re1 0-0 14. Ne5 Qc7 15. Re3 b5 16. Rh3 g6 17. Bg5 Bb7 18. Qd2 Ne4 19. Bxe4 Bxg5 20. Qxg5 Bxe4 21. Ng4 f5 22. Nf6+ Rxf6 23. Qxf6 Qc6 24. Qe7 h5 25. Qf6 Kh7 26. Qf7+ Kh6 27. Rg3 e5 28. dxe5 Re8 29. Re1 Qe6 30. Qxe6 Rxe6 31. f4 h4 32. Rge3 Rd6 33. exd6 1-0

[Event "Chioggia op-A 02nd"]
[Site "Chioggia"]
[Date "2007.05.20"]
[Round "4"]
[White "Cecchetto, Vanni"]
[Black "Del Giudice, Stefano"]
[Result "1-0"]
[WhiteElo "1991"]
[BlackElo "2051"]
[PlyCount "69"]
[EventDate "2007.05.18"]
[EventType "swiss"]
[EventRounds "5"]
[EventCountry "ITA"]
[SourceTitle "EXT 2022"]
[Source "ChessBase"]
[SourceDate "2021.10.06"]
[SourceVersion "1"]
[SourceVersionDate "2021.10.06"]
[SourceQuality "1"]

1. Nf3 d5 2. d4 c6 3. c4 e6 4. Qc2 Nd7 5. Bf4 Ngf6 6. e3 Be7 7. Bd3 dxc4 8. Bxc4 Nb6 9. Bd3 Nbd5 10. Bg3 Nb4 11. Qe2 Nxd3+ 12. Qxd3 Qa5+ 13. Nc3 b6 14. Qc4 Bb7 15. Ne5 Rc8 16. f3 Ba6 17. Qa4 Qxa4 18. Nxa4 Nd5 19. Kf2 f6 20. e4 Nb4 21. a3 fxe5 22. axb4 exd4 23. Nxb6 axb6 24. Rxa6 Bxb4 25. Ke2 b5 26. Rc1 c5 27. Rxe6+ Kf7 28. Rb6 Rhd8 29. e5 d3+ 30. Ke3 d2 31. Rd1 Rd4 32. Rxb5 Rc4 33. Rb7+ Kg8 34. e6 Rc2 35. Be5 1-0

[Event "Bratto op 25th"]
[Site "Bratto"]
[Date "2005.08.26"]
[Round "7"]
[White "Cecchetto, Vanni"]
[Black "Giretti Kanev, Jasen"]
[Result "0-1"]
[WhiteElo "2019"]
[BlackElo "2183"]
[PlyCount "84"]
[EventDate "2005.08.20"]
[EventType "swiss"]
[EventRounds "9"]
[EventCountry "ITA"]
[SourceTitle "CBM 108 Extra"]
[Source "ChessBase"]
[SourceDate "2005.11.04"]
[SourceVersion "1"]
[SourceVersionDate "2005.11.04"]
[SourceQuality "1"]

1. Nf3 Nf6 2. c4 e6 3. Nc3 Bb4 4. a3 Bxc3 5. bxc3 b6 6. d4 Ba6 7. e3 Nc6 8. Bd3 Na5 9. Qe2 d5 10. cxd5 Bxd3 11. Qxd3 Qxd5 12. 0-0 Qe4 13. Qe2 0-0 14. Ne5 c5 15. f3 Qb7 16. Rb1 Nd5 17. Bd2 f6 18. c4 Qa6 19. Rfe1 fxe5 20. cxd5 Qxe2 21. Rxe2 Nc4 22. dxe6 exd4 23. exd4 Nxa3 24. Rb3 Nc2 25. Bc3 cxd4 26. Rxc2 Rac8 27. Rc1 dxc3 28. Rbxc3 Rxc3 29. Rxc3 Re8 30. Rc6 g6 31. h4 b5 32. g4 Re7 33. Ra6 b4 34. Ra4 Rb7 35. Kf2 b3 36. Rd4 Kf8 37. Rd1 b2 38. Rb1 a5 39. Ke2 a4 40. Kd2 a3 41. Kc2 a2 42. Rxb2 Rc7+ 0-1

[Event "Bratto op 25th"]
[Site "Bratto"]
[Date "2005.08.25"]
[Round "6"]
[White "Piantoni, Roberto"]
[Black "Cecchetto, Vanni"]
[Result "1/2-1/2"]
[WhiteElo "2186"]
[BlackElo "2019"]
[PlyCount "53"]
[EventDate "2005.08.20"]
[EventType "swiss"]
[EventRounds "9"]
[EventCountry "ITA"]
[SourceTitle "CBM 108 Extra"]
[Source "ChessBase"]
[SourceDate "2005.11.04"]
[SourceVersion "1"]
[SourceVersionDate "2005.11.04"]
[SourceQuality "1"]

1. d4 c5 2. dxc5 Qa5+ 3. c3 Qxc5 4. e4 d6 5. Be3 Qc7 6. Nf3 Nf6 7. Na3 a6 8. Bd3 Bg4 9. h3 Bxf3 10. Qxf3 Nbd7 11. 0-0 Ne5 12. Qe2 Nxd3 13. Qxd3 Qc6 14. f3 g6 15. Nc4 b5 16. Nb6 Rb8 17. Nd5 Nxd5 18. exd5 Qc4 19. Qd4 Qxd4 20. Bxd4 Rg8 21. Rfe1 Kd7 22. Re4 e6 23. dxe6+ fxe6 24. Rae1 e5 25. Bf2 Bg7 26. Rd1 Kc6 27. Re2 1/2-1/2

[Event "Bratto op 25th"]
[Site "Bratto"]
[Date "2005.08.24"]
[Round "5"]
[White "Cecchetto, Vanni"]
[Black "Kidane, Robel"]
[Result "1-0"]
[WhiteElo "2019"]
[BlackElo "2120"]
[PlyCount "92"]
[EventDate "2005.08.20"]
[EventType "swiss"]
[EventRounds "9"]
[EventCountry "ITA"]
[SourceTitle "CBM 108 Extra"]
[Source "ChessBase"]
[SourceDate "2005.11.04"]
[SourceVersion "1"]
[SourceVersionDate "2005.11.04"]
[SourceQuality "1"]

1. Nf3 Nf6 2. b3 g6 3. Bb2 Bg7 4. d4 0-0 5. e3 d6 6. Bd3 Nc6 7. 0-0 e5 8. dxe5 Ng4 9. Nbd2 Ngxe5 10. Nxe5 Nxe5 11. f4 Nf3+ 12. Qxf3 Bxb2 13. Rab1 Bc3 14. Ne4 Bg7 15. Ng3 d5 16. e4 dxe4 17. Bxe4 c6 18. f5 Qg5 19. b4 a6 20. Rbd1 a5 21. b5 cxb5 22. Rd5 Bh6 23. Re1 Be6 24. fxe6 fxe6 25. Rxg5 Rxf3 26. Rxg6+ hxg6 27. Bxf3 Kf7 28. Bxb7 Rb8 29. Be4 b4 30. Bd3 a4 31. Bc4 Rb6 32. Kf2 Rc6 33. Bd3 Rc3 34. Ne4 Rc6 35. Rb1 Bf8 36. Ke3 Be7 37. Kd2 Rc8 38. Ke3 Rh8 39. h3 Rc8 40. Kf4 Rh8 41. Rf1 Rh5 42. Rf3 Ke8 43. g4 Ra5 44. Ke3 g5 45. Bc4 Kd7 46. Kd4 b3 1-0

[Event "Bratto op 25th"]
[Site "Bratto"]
[Date "2005.08.20"]
[Round "1"]
[White "Cecchetto, Vanni"]
[Black "De Santis, Alessio"]
[Result "0-1"]
[WhiteElo "2019"]
[BlackElo "2251"]
[PlyCount "96"]
[EventDate "2005.08.20"]
[EventType "swiss"]
[EventRounds "9"]
[EventCountry "ITA"]
[SourceTitle "CBM 108 Extra"]
[Source "ChessBase"]
[SourceDate "2005.11.04"]
[SourceVersion "1"]
[SourceVersionDate "2005.11.04"]
[SourceQuality "1"]

1. Nf3 d6 2. d4 f5 3. c4 Nf6 4. g3 g6 5. Bg2 Bg7 6. Nc3 0-0 7. 0-0 Qe8 8. Nd5 Nxd5 9. cxd5 h6 10. Qb3 Kh7 11. Bd2 c6 12. dxc6 Nxc6 13. d5 Ne5 14. Nd4 g5 15. Ne6 Bxe6 16. dxe6 Rb8 17. Rac1 Nc6 18. e3 Qg6 19. Bc3 f4 20. exf4 gxf4 21. Qd5 Kh8 22. Be4 Qg5 23. Qxg5 hxg5 24. Bxg7+ Kxg7 25. Bxc6 bxc6 26. Rxc6 Rxb2 27. Ra6 Rf6 28. Rxa7 Rxe6 29. gxf4 gxf4 30. Kg2 Ree2 31. Kf3 Rxa2 32. Rxa2 Rxa2 33. Kxf4 Kf6 34. h4 d5 35. f3 e5+ 36. Kg3 Ra3 37. Kg4 Ra8 38. Kg3 Rg8+ 39. Kf2 Kf5 40. Ra1 Rh8 41. Kg3 Rg8+ 42. Kf2 Rb8 43. Ra2 Kf4 44. Ra4+ d4 45. Ra2 Rb3 46. h5 Rxf3+ 47. Kg2 Rg3+ 48. Kh2 Rg5 0-1

[Event "Pedavena op 1st"]
[Site "Pedavena"]
[Date "2005.08.05"]
[Round "5"]
[White "Cecchetto, Vanni"]
[Black "Maniero, Andrea"]
[Result "1/2-1/2"]
[WhiteElo "2019"]
[BlackElo "1898"]
[PlyCount "29"]
[EventDate "2005.08.03"]
[EventType "swiss"]
[EventRounds "6"]
[EventCountry "ITA"]
[SourceTitle "EXT 2007"]
[Source "ChessBase"]
[SourceDate "2006.11.23"]
[SourceVersion "1"]
[SourceVersionDate "2006.11.23"]
[SourceQuality "1"]

1. Nf3 d5 2. d4 Nf6 3. c4 c6 4. Nc3 e6 5. Bg5 Nbd7 6. e3 Be7 7. Rc1 0-0 8. Bd3 dxc4 9. Bxc4 Nd5 10. Bxe7 Qxe7 11. 0-0 Nxc3 12. Rxc3 e5 13. dxe5 Nxe5 14. Nxe5 Qxe5 15. Qf3 1/2-1/2

[Event "Falconara Marittima op 2nd"]
[Site "Falconara Marittima"]
[Date "2005.07.23"]
[Round "8"]
[White "Cecchetto, Vanni"]
[Black "Castrogiovanni, Carlo"]
[Result "1-0"]
[WhiteElo "2019"]
[BlackElo "2108"]
[PlyCount "43"]
[EventDate "2005.07.18"]
[EventType "swiss"]
[EventRounds "9"]
[EventCountry "ITA"]
[SourceTitle "EXT 2007"]
[Source "ChessBase"]
[SourceDate "2006.11.23"]
[SourceVersion "1"]
[SourceVersionDate "2006.11.23"]
[SourceQuality "1"]

1. Nf3 c5 2. c4 Nf6 3. Nc3 Nc6 4. d4 cxd4 5. Nxd4 e6 6. Bg5 Be7 7. e3 Qa5 8. Bxf6 Bxf6 9. Be2 0-0 10. 0-0 Nxd4 11. exd4 d5 12. cxd5 exd5 13. Bf3 Be6 14. Qb3 Bxd4 15. Bxd5 Bxd5 16. Nxd5 Rfd8 17. Ne7+ Kf8 18. Qxb7 Rab8 19. Qe4 Qc5 20. Rae1 Re8 21. Qxh7 g6 22. Qg8# 1-0

[Event "Falconara Marittima op 2nd"]
[Site "Falconara Marittima"]
[Date "2005.07.22"]
[Round "7"]
[White "Rinaudo, Sergio"]
[Black "Cecchetto, Vanni"]
[Result "1-0"]
[WhiteElo "2087"]
[BlackElo "2019"]
[PlyCount "65"]
[EventDate "2005.07.18"]
[EventType "swiss"]
[EventRounds "9"]
[EventCountry "ITA"]
[SourceTitle "EXT 2007"]
[Source "ChessBase"]
[SourceDate "2006.11.23"]
[SourceVersion "1"]
[SourceVersionDate "2006.11.23"]
[SourceQuality "1"]

1. d4 Nf6 2. Nf3 c5 3. e3 e6 4. Bd3 d5 5. b3 Nc6 6. Bb2 cxd4 7. exd4 Bb4+ 8. c3 Bd6 9. 0-0 0-0 10. Re1 Ne7 11. Ne5 Ng6 12. Nd2 b6 13. g3 Bb7 14. Ndf3 Ne4 15. Nxg6 hxg6 16. Nd2 f5 17. f3 Qg5 18. Nf1 Kf7 19. Bc1 Qf6 20. fxe4 dxe4 21. Bc4 Rh8 22. Re2 Rh5 23. a4 Rah8 24. Ba3 Bxa3 25. Rxa3 f4 26. gxf4 Rf5 27. Ne3 Rxf4 28. d5 Qxc3 29. dxe6+ Kf6 30. Bd5 Qc5 31. Bxb7 Rf3 32. b4 Qg5+ 33. Rg2 1-0

[Event "Falconara Marittima op 2nd"]
[Site "Falconara Marittima"]
[Date "2005.07.21"]
[Round "5"]
[White "Giacometti, Carlo"]
[Black "Cecchetto, Vanni"]
[Result "1-0"]
[WhiteElo "2089"]
[BlackElo "2019"]
[PlyCount "85"]
[EventDate "2005.07.18"]
[EventType "swiss"]
[EventRounds "9"]
[EventCountry "ITA"]
[SourceTitle "EXT 2007"]
[Source "ChessBase"]
[SourceDate "2006.11.23"]
[SourceVersion "1"]
[SourceVersionDate "2006.11.23"]
[SourceQuality "1"]

1. Nc3 Nf6 2. d4 d5 3. Bg5 e6 4. e4 dxe4 5. Nxe4 Be7 6. Bxf6 Bxf6 7. Nf3 0-0 8. c3 b6 9. Bd3 Bb7 10. 0-0 Nd7 11. Qe2 Qe7 12. Rfe1 Rac8 13. Ba6 Bxa6 14. Qxa6 c5 15. Qxa7 Rfd8 16. Nxf6+ Qxf6 17. Ne5 Nxe5 18. dxe5 Qf5 19. Rad1 Rxd1 20. Rxd1 Qxe5 21. Qxb6 g6 22. Qd6 Qxd6 23. Rxd6 c4 24. Rb6 Kg7 25. Kf1 Kf6 26. a4 h5 27. a5 Rc5 28. Rb4 Ke5 29. Ra4 Rc7 30. Ke2 f5 31. a6 Ra7 32. Ke3 f4+ 33. Kf3 g5 34. Ra5+ Kf6 35. h4 gxh4 36. Kxf4 e5+ 37. Ke4 Kg5 38. Kxe5 h3 39. gxh3 Kh4 40. Kd4 Kxh3 41. Rxh5+ Kg2 42. Ra5 Kxf2 43. Kxc4 1-0